| 000 | 00899nac a22003130a 4500 | ||
|---|---|---|---|
| 001 | PT13957 | ||
| 003 | AR-LpoUNG | ||
| 005 | 20210201005011.0 | ||
| 008 | 201001s1999||||ag |||||||||||||||||spa d | ||
| 020 |
_a9875220345 (O.C.) _c$49 |
||
| 020 |
_a9875220442 (vol.11) _c$49 |
||
| 040 |
_aAR-LpoUNG _bspa _eaacr |
||
| 041 | _aspa | ||
| 044 | _aag | ||
| 082 | 0 | _aR030 58v11 | |
| 245 | 1 | 0 | _aEnciclopedia Clarín |
| 250 | _a1§ edición | ||
| 260 |
_a[Buenos Aires] : _bVisor Enciclopedias Audiovisuales, _cc1999. |
||
| 300 |
_a[140] p. : _bFots. _a(25 _fVolúmenes) _3Impreso |
||
| 490 | 0 | _aEnciclopedia Clarín | |
| 505 | 0 | _aFalta el cuerpo principal de la obra | |
| 650 | 4 | _aDICCIONARIOS | |
| 650 | 4 | _aENCICLOPEDIA | |
| 650 | 4 | _aMATERIAL DE REFERENCIA | |
| 651 | 4 | _aDOCUMENTOS TEORICOS O METODOLOGICOS | |
| 710 | 2 | _aUniversidad de Salamanca, aval | |
| 905 | _a13957 | ||
| 942 | _cLSALA | ||
| 999 |
_c48128 _d48128 |
||